| 000 | 01280nam a2200277Ia 4500 | ||
|---|---|---|---|
| 001 | ebr10056901 | ||
| 003 | CaPaEBR | ||
| 006 | m u | ||
| 007 | cr cn||||||||| | ||
| 008 | 760310s1975 dcua s 000 0 eng u | ||
| 040 |
_aCaPaEBR _cCaPaEBR |
||
| 035 | _a(OCoLC)726822985 | ||
| 050 | 1 | 4 |
_aTA403.6 _b.N374 1975eb |
| 110 | 2 |
_aNational Academy of Sciences (U.S.). _bCommittee on the Survey of Materials Science and Engineering. |
|
| 245 | 1 | 0 |
_aMaterials and man's needs. _nVolume 4, _pAspects of materials technology abroad _h[electronic resource]. |
| 260 |
_aWashington : _bNational Academy of Sciences, _c1975. |
||
| 300 |
_axxvi, 301 p. : _bill. |
||
| 500 | _aPrepared under the aegis of the Academy's Committee on Science and Public Policy. | ||
| 533 |
_aElectronic reproduction. _bPalo Alto, Calif. : _cebrary, _d2009. _nAvailable via World Wide Web. _nAccess may be limited to ebrary affiliated libraries. |
||
| 650 | 0 |
_aMaterials _xResearch. |
|
| 650 | 0 | _aMaterials. | |
| 655 | 7 |
_aElectronic books. _2local |
|
| 710 | 2 |
_aNational Academy of Sciences (U.S.). _bCommittee on Science and Public Policy. |
|
| 710 | 2 | _aebrary, Inc. | |
| 856 | 4 | 0 |
_uhttp://site.ebrary.com/lib/rucke/Doc?id=10056901 _zAn electronic book accessible through the World Wide Web; click to view |
| 999 |
_c70373 _d70373 |
||